|
|
|
|
| LEADER |
00000nab a2200000 a 4500 |
| 001 |
vtls000213008 |
| 003 |
SK-MaSNL |
| 005 |
20260302204023.0 |
| 008 |
111130c1984 xo 0 slo |
| 015 |
|
|
|a SNBRB19rr/mm-uuuuu
|
| 035 |
|
|
|a CL0223122
|
| 040 |
|
|
|a SNKBUCL
|b slo
|c SNKBUCL
|e AACR2
|
| 041 |
0 |
|
|a slo
|
| 044 |
|
|
|a xo
|c SK
|
| 080 |
|
|
|a 641.1:312.5
|2 1981
|
| 080 |
|
|
|a 312.5
|2 1981
|
| 080 |
|
|
|a 301.18
|2 1981
|
| 100 |
1 |
|
|a Filová, A.
|4 aut
|9 862054
|
| 245 |
1 |
0 |
|a Spotreba základných druhov potravín na obyvateľa podľa sociálnych skupín obyvateľstva
|c A. Filová, P. Krčah
|
| 650 |
0 |
7 |
|a potraviny
|2 snkbucl
|9 1614
|
| 650 |
0 |
7 |
|a obyvateľstvo
|2 snkbucl
|9 4654
|
| 655 |
|
7 |
|a články z novín a časopisov
|2 snkbucl
|9 267496
|
| 700 |
1 |
|
|a Krčah, P.
|4 aut
|9 928000
|
| 773 |
0 |
|
|t Racio
|g Č. 5-6 (1984), s. 44
|
| 850 |
|
|
|a Slovenská národná knižnica v Martine
|a MTA001
|
| 852 |
|
|
|a SNK
|b KIS3GCP
|
| 958 |
|
|
|a RK
|
| 992 |
|
|
|a RBX
|
| 999 |
|
|
|c 1471513
|d 1473443
|